000 01662cam a22004814i 4500
003 PE-LiUPU
005 20250731173502.0
008 150616s r 000 0 d
020 _a0800601807
035 _a(Sirsi) i9780800601805
040 _aPE-LiUPU
_bspa
_cPE-LiUPU
_erda
049 _aPRUA
082 0 4 _a226.7
_bM12
_221
100 1 _aMcKnight, Edgar V.,
_eautor.
245 1 0 _aWhat is Form Criticism?.
264 1 _aPhiladelphia, USA :
_bFortress Press,
_c1969.
300 _a86 páginas ;
_c21 centímetros
336 _atext
_2rdacontent
337 _aunmediated
_2rdamedia
338 _avolume
_2rdacarrier
490 0 _aNew Testament Series
504 _aIncluye bibliografía.
505 0 _aThe origins of form criticism -- The discipline applied by Dibelius and Bultmann -- Early scholary eevaluation and use of form criticism -- Form criticism and the current quest for the historical Jesus.
526 _aSEG42
526 _aSEG41
526 _aSEG40
526 _aSEG39
526 _aP94
526 _aP87
526 _aP86
526 _aP85
526 _aP77
526 _aP76
526 _aP35
650 0 4 _aCRITICA - ORIGENES.
910 _ajck
_bjvq
_cjck
942 _2ddc
_cBOOK
949 _a226.7 M12
_wDEWEY
_c1
_i40334
_lCCODEBUL1
_mBUL
_r0
_sY
_tBOOK
_u2015-6-16
_xTEOLOGIA
_zUNKNOWN
_0COMPRA
_o.STAFF. Colección General
994 _aC0
_bPEPRU
596 _a1
999 _a226.7 M12
_wDEWEY
_c58137
_i40334
_f2021-11-9
_g5
_lCCODEBUL1
_mBUL
_r0
_sY
_tBOOK
_u2015-6-16
_xTEOLOGIA
_zUNKNOWN
_0COMPRA
_o.STAFF. Colección General
_d58137
980 _81
_gALBERTO SANCHEZ Responsable de Automatización